000 00724nam a2200253Ia 4500
003 OSt
005 20220918213442.0
006 a|||||r|||| 00| 0
007 ta
008 220917b |||||||| |||| 00| 0 eng d
024 _a132,785
037 _cTextual
040 _aARTS
_cARTS
_beng
041 _2eng
_aeng
082 _aX:80Sy7, K7;L8
100 _aKnudson Harry R
_9121423
245 0 _aOrganizational behavior
_b a management approach
260 _aCambridge
_bWinthrop Pub
_c1978
300 _axii,466p. illus
_ccm.
650 _aECONOMICS
700 _a Fleenor C Patrick
_9127050
942 _hX:80Sy7, K7;L8
_cTEXL
_2CC
999 _c255895
_d255895